Nommez un pays valide n°2 - Statistiques

Statistiques générales
  • Ce quiz a été pris 26 320 fois
  • Le résultat moyen est 14 sur 20
Statistiques - réponses
Nommez un pays ... Répondre % Correct
commençant par Z Zambie | Zimbabwe
99%
qui utilise le Peso Argentine | Chili | Colombie | Cuba | Mexique | Philippines | République dominicaine | Uruguay
88%
qui faisait autrefois partie de la Yougoslavie Bosnie-Herzégovine | Croatie | Kosovo | Macédoine du Nord | Monténégro | Serbie | Slovénie
87%
qui est une nation insulaire dans la mer Méditerranée Chypre | Malte
86%
qui a un territoire à moins de 160 kilomètres des États-Unis (mais ne borde pas les États-Unis) Bahamas | Cuba | Russie
85%
qui est une nation insulaire de l'océan Indien Comores | Île Maurice | Madagascar | Maldives | Seychelles | Sri Lanka
80%
en bordure du Costa Rica Nicaragua | Panama
80%
dont le nom se termine par L Brésil | Népal | Îles Marshall | Israël | Portugal | Sénégal | Timor oriental
77%
touchant la mer Rouge Arabie Saoudite | Djibouti | Égypte | Érythrée | Israël | Jordanie | Soudan | Yémen
76%
qui a 100 millions de musulmans Bangladesh | Inde | Indonésie | Pakistan
75%
dont la capitale est au-dessus de 59 ° de latitude nord Estonie | Islande | Finlande | Norvège | Suède
73%
que le Mékong traverse Birmanie | Cambodge | Chine | Laos | Thaïlande | Viêt Nam
71%
avec un aigle sur son drapeau Albanie | Égypte | Kazakhstan | Mexique | Moldavie | Monténégro | Serbie | Zambie | Zimbabwe
70%
avec le bouddhisme comme religion officielle Birmanie | Bhoutan | Cambodge | Laos | Sri Lanka | Thaïlande
69%
avec au moins 2 capitales acceptées par JetPunk Afrique du Sud | Bolivie | Palaos
67%
c'est par la loi un état marxiste à parti unique Chine | Cuba | Laos | Viêt Nam
67%
bordant le golfe Persique Arabie Saoudite | Bahreïn | Émirats arabes unis | Irak | Iran | Koweït | Oman | Qatar
66%
avec plus de vaches que de personnes Argentine | Australie | Irlande | Nouvelle-Zélande
54%
qui a eu des décès d'Ebola en 2014 Guinée | Liberia | Nigeria | R. D. du Congo | Sierra Leone
43%
dont le drapeau comporte la Croix du Sud Australie | Brésil | Nouvelle-Zélande | Papouasie-Nouvelle- Guinée | Samoa
35%
Aucun quiz correspondant
Distribution des résultats
% des personnes avec chaque résultat
Percentile par nombre de réponses
Votre historique - résultats
Vous n’avez pas pris ce quiz